000 00384nam a22001217a 4500
082 _a200 THE
100 _aMuhammad Sarmad Qureshi
_970246
245 _aTH-SOF-1121-SUPER TWISTING SLIDING MODE CONTROL OF A QUAD ROTOR U.A.V.
260 _aIslamabad
_bNUST College of EME
_c2015
650 _aMS-ELECT-71 MSTHESIS
700 _aSupervison Dr. Fahad Mumtaz Malik
_970175
942 _cCF
999 _c577250
_d577250